Statistics for Poorest Metro Areas in the U.S.

Click here to take the quiz!

General Stats

  • This quiz has been taken 12,083 times
  • The average score is 10 of 20

Answer Stats

$Metro Area% Correct
67,153Detroit
91%
56,837New Orleans
74%
62,315Cleveland
66%
63,814Miami
66%
55,840Memphis
65%
68,394Jacksonville
64%
62,951Tampa
56%
64,936Orlando
55%
61,815Oklahoma City
54%
66,609Pittsburgh
54%
60,725Birmingham
50%
68,449Milwaukee
50%
64,029Louisville
47%
63,677Las Vegas
43%
62,794Buffalo
42%
66,775San Antonio
42%
59,696Tulsa
35%
60,667Tucson
28%
63,656Fresno
20%
66,516Rochester
20%

Score Distribution

Percentile by Number Answered

Percent of People with Each Score

Your Score History

You have not taken this quiz